Komparatívna analýza ekonomického rastu transformujúcich sa krajín metodológiou SFA

Výskum úspešnosti procesu transformácie vybraných postkomunistických krajín strednej a východnej Európy, ich ekonomickej výkonnosti v zmysle technickej efektívnosti a hľadanie možných zdrojov technickej neefektívnosti krajín.

Salvato in:
Dettagli Bibliografici
Autore principale: Furková, Andrea, 1975-
Natura: Capitolo di libro
Lingua:slovacco
Soggetti:
Tags: Aggiungi Tag
Nessun Tag, puoi essere il primo ad aggiungerne!!

MARC

LEADER 00000naa a2200000 4500
001 0126392
005 20240502072436.4
041 0 |a slo 
044 |a SK 
245 1 0 |a Komparatívna analýza ekonomického rastu transformujúcich sa krajín metodológiou SFA  |c Andrea Furková 
520 |a Výskum úspešnosti procesu transformácie vybraných postkomunistických krajín strednej a východnej Európy, ich ekonomickej výkonnosti v zmysle technickej efektívnosti a hľadanie možných zdrojov technickej neefektívnosti krajín. 
610 2 0 |a modely stochastické 
610 2 0 |a efektívnosť ekonomická 
610 2 0 |a SVE 
610 2 0 |a výkonnosť ekonomiky 
610 2 0 |a transformácia 
610 2 0 |a analýza komparatívna 
610 2 0 |a rast hospodársky 
100 1 |a Furková, Andrea, 1975-